01130nam a2200265 i 4500003000900000005001700009007000300026008004100029020001800070040003000088082001400118100005500132245012600187264005200313300005400365336002700419337003400446338002800480500007200508590002700580910001400607942001400621952021200635999001700847DO-SdBNP20240904104814.0ta240904s2007 dr ac 000 j spa d a9789945858641 aDO-SdBNPbspacBNPHUerda bR696a2221 aRodríguez Guerrero, Rafael 911765d1923-eautor10aApuntes genealógicos, biografícos e históricos :bTrujillo: crímenes desconocidos /cRafael Rodríguez Guerrero  1aSanto Domingo :bCyberColor prin center,c2007. a268 páginas, bilustraciones, retratosc21 cm. 2rdacontentatextobtxt 2rdamediaasin mediación bn 2rdacarrieravolumenbnc aIncluye datos biográficos del autor en la solapa de la portada.  aInventariado, 2024/ YL aYLockward 2ddccLBS1 00102ddc51708PDaBNPHUbBNPHUcCTd2023-03-01eDonado por Emilio Cordero Michell0oBNPHU PD R696ap2024-5224r2024-09-04w2024-09-04yLBS1zPerteneció a la biblioteca personal de Emilio Cordero Michel c57623d57623